| 000 | 01093nam a22002537a 4500 | ||
|---|---|---|---|
| 005 | 20170124103204.0 | ||
| 010 | _aB-151888 | ||
| 020 | _c700.00 | ||
| 035 | _aB-151888 | ||
| 037 | _bCen Lib/Ret | ||
| 040 |
_aDPL _bHN |
||
| 082 |
_a080 _bचड्ढा |
||
| 100 |
_aचड्ढा, सविता _993274 |
||
| 245 |
_aइतिहास और पत्रकारिता / _cसविता चड्ढा |
||
| 246 |
_aItihas aur patrkarita / _bby Savita Chaddha |
||
| 260 |
_aदिल्ली _bराजसूर्य प्रकाशन _c2001 |
||
| 270 |
_b दिल्ली _aडी-2/41 A, गांवडी एक्सटेंशन, भजनपुरा _e1100053 |
||
| 300 |
_a456पृ. _c21सेमी(सजिल्द ) |
||
| 650 |
_aहिंदी पत्रकारिता _x _z _986920 |
||
| 650 |
_aहिंदी पत्रकारिता -- इतिहास _945095 |
||
| 650 |
_aHindi journalism _943511 |
||
| 650 |
_aHindi journalism - History _993275 |
||
| 942 |
_2ddc _cHN _h080 _mचड्ढा |
||
| 999 |
_c120893 _d120893 |
||